| 000 | 00780nam a22002417a 4500 | ||
|---|---|---|---|
| 003 | dpl | ||
| 005 | 20180622143632.0 | ||
| 008 | 180622b xxu||||| |||| 00| 0 eng d | ||
| 010 | _aB-147419 | ||
| 020 |
_c0.00 _a0070597030 |
||
| 035 | _aB-147419 | ||
| 037 | _bBPPD/PUB | ||
| 040 |
_adpl _bEN _c0 |
||
| 082 |
_a658.314 _bEPS |
||
| 100 | _aEpstein, Robert | ||
| 245 |
_aThe big book of creativity games : _cby Robert Epstein _b Quick, fun activities for jumpstarting innovation / |
||
| 260 |
_aNew Delhi _bTata Mcgraw hill publishing company _c2004 |
||
| 270 |
_bNew Delhi _a7 West patel nagar _e110008 |
||
| 300 |
_axiii,223p. _c25cm(Hb) |
||
| 650 |
_aBusiness -- meetings _972600 |
||
| 650 |
_aBusiness meetings _972601 |
||
| 942 |
_2ddc _cEN _h658.314 _mEPS |
||
| 999 |
_c152980 _d152980 |
||